000
00323nam a2200121Ia 4500
008
220204s9999 xx 000 0 und d
082
_a
658.8
_b
DAV
245
0
_a
Behavioural and management science in marketing
260
_a
New York
_b
John Wiley
_c
1978
700
_a
Davis, Harry L
700
_a
Silk, Alvin J
942
_c
BK
999
_c
34713
_d
34713